NBA and WNBA Logos - Statistics

General Stats
  • This quiz has been taken 75 times
  • The average score is 34 of 43
Answer Stats
Picture Answer % Correct
Miami Heat
92%
New York Knicks
90%
Golden State Warriors
88%
Los Angeles Lakers
88%
Atlanta Hawks
86%
Boston Celtics
86%
Sacramento Kings
86%
Utah Jazz
86%
Chicago Bulls
85%
Indiana Pacers
85%
Las Vegas Aces
85%
Phoenix Suns
85%
Brooklyn Nets
83%
New York Liberty
83%
Denver Nuggets
81%
Indiana Fever
81%
Milwaukee Bucks
81%
Toronto Raptors
81%
Charlotte Hornets
80%
Cleveland Cavaliers
80%
Dallas Mavericks
80%
Houston Rockets
80%
Minnesota Timberwolves
80%
San Antonio Spurs
80%
Los Angeles Sparks
78%
Minnesota Lynx
78%
Oklahoma City Thunder
78%
Philadelphia 76ers
78%
Chicago Sky
76%
Los Angeles Clippers
76%
Memphis Grizzlies
76%
New Orleans Pelicans
76%
Washington Wizards
75%
Connecticut Sun
73%
Orlando Magic
73%
Phoenix Mercury
73%
Portland Trail Blazers
73%
Dallas Wings
69%
Detroit Pistons
69%
Washington Mystics
69%
Seattle Storm
66%
Atlanta Dream
64%
Golden State Valkyries
64%
No matching quizzes found
Score Distribution
Percent of People with Each Score
Percentile by Number Answered
Your Score History
You have not taken this quiz